LEADER 01245nam a2200289 i 4500 001 000000148160 003 CaOOAMICUS 005 20060224000000.0 008 060224s1969 it u000 u ita u 013 $a125475 040 $aSeMil$bita 100 1 $aRead, Herbert,$d<1893-1967>.$0(OLS)http://semarc/name/23444 245 12$aL'arte e la societą /$cdi Herbert Read ; presentazione di Rosario Assunto. 260 $aFirenze :$bLa Nuova Italia,$c1969. 300 $aIX, 172 p., [25] p. di tav. ;$c21 cm. 490 0 $aMaestri e compagni : biblioteca di studi critici e morali ;$v34 500 $aIn Appendice : William Hogarth. - Fondo Ciprandi. 650 4$aArte - Aspetti sociali.$0(OLS)http://semarc/subject/28932 700 1 $aAssunto, Rosario <1915-1994>.$0(OLS)http://semarc/name/7338 774 0 $tWilliam Hogarth, 1697-1764.$w()304904 830 0$aMaestri e compagni ;$v34.$0(OLS)http://semarc/title/18000 850 $aSeMil 852 $aSeMil$W1$xVenegono$y1$m5K VI 25$j100615$B100615$CSeMilBibl$Z2$F109265 $81 941 1 $a1 961 $aOmaggio: Ciprandi dott. Paolo 996 $6245$aL'arte e la societą$9(OLS)http://semarc/title/216578 996 $6260$aFirenze :$bLa Nuova Italia$9(OLS)http://semarc/publisher/30055 LEADER 01288nam a2200289 i 4500 001 000000244659 003 CaOOAMICUS 005 20190416111531.0 008 151104s2015 it u000 u ita u 013 $a223564 020 $a978-88-95684-71-0 040 $aSeMil$bita 100 1 $aRobuschi, Luigi.$0(OLS)http://semarc/name/82454 245 10$aMilano :$bdalle origini a Filarete e da Leonardo all'EXPO 2015. Alla ricerca della "cittą ideale" /$cLuigi Robuschi. 250 $a2. Ed. 260 $aOreno di Vimercate (MB) :$bVallardi,$c2015. 300 $a223 p. :$bill. ;$c28 cm. 500 $aContiene : Bibliografia. 650 4$aEsposizione universale .$0(OLS)http://semarc/subject/27674 650 4$aMilano - Architettura - Storia.$0(OLS)http://semarc/subject/42578 850 $aSeMil 852 $aSeMil$W1$xVenegono$y1$m4Y VI 165$j195005$B195005$CSeMilBibl$Z2$F207508 $81 961 $aOmaggio: Delpini mons. Mario 996 $6020$a978-88-95684-71-0$9(OLS)http://semarc/number/253000 996 $6245$aMilano :$bdalle origini a Filarete e da Leonardo all'EXPO 2015. Alla ricerca della "cittą ideale"$9(OLS)http://semarc/title/346551 996 $6260$aOreno di Vimercate (MB) :$bVallardi$9(OLS)http://semarc/publisher/54898